20 chefs-lieux aléatoires sur une carte de France - Statistiques

Statistiques générales
  • Ce quiz a été pris 64 354 fois
  • Le résultat moyen est 12 sur 20
Réponses sur la Carte
Les réponses sont colorées sur une échelle allant du rouge au vert en fonction du pourcentage des utilisateurs qui les ont devinées à leur premier essai. Vous pouvez retrouver ces pourcentages ci-dessous.
 
Statistiques - réponses
Départements Chefs-Lieux % Correct
Nord Lille
94%
Gironde Bordeaux
93%
Bouches-du-Rhône Marseille
93%
Bas-Rhin Strasbourg
93%
Alpes-Maritimes Nice
92%
Ille-et-Vilaine Rennes
90%
Loire-Atlantique Nantes
88%
Paris Paris
88%
Haute-Corse Bastia
87%
Rhône Lyon
87%
Corse-du-Sud Ajaccio
86%
Hérault Montpellier
86%
Haute-Garonne Toulouse
84%
Pyrénées-Orientales Perpignan
83%
Calvados Caen
82%
Charente-Maritime La Rochelle
82%
Var Toulon
80%
Côte-d'Or Dijon
78%
Isère Grenoble
77%
Seine-Maritime Rouen
77%
Finistère Quimper
76%
Moselle Metz
75%
Loiret Orléans
75%
Pyrénées-Atlantiques Pau
75%
Puy-de-Dôme Clermont-Ferrand
74%
Somme Amiens
73%
Haute-Savoie Annecy
73%
Territoire de Belfort Belfort
73%
Vendée La Roche-sur-Yon
73%
Meurthe-et-Moselle Nancy
72%
Loire Saint-Étienne
72%
Gard Nîmes
71%
La Réunion Saint-Denis
71%
Morbihan Vannes
71%
Haut-Rhin Colmar
70%
Sarthe Le Mans
70%
Maine-et-Loire Angers
69%
Indre-et-Loire Tours
68%
Yvelines Versailles
67%
Vaucluse Avignon
66%
Vienne Poitiers
65%
Haute-Vienne Limoges
64%
Guyane Cayenne
63%
Aude Carcassonne
62%
Doubs Besançon
61%
Savoie Chambéry
61%
Mayenne Laval
61%
Côtes-d'Armor Saint-Brieuc
61%
Pas-de-Calais Arras
60%
Hautes-Alpes Gap
60%
Ain Bourg-en-Bresse
59%
Drôme Valence
59%
Martinique Fort-de-France
58%
Aube Troyes
58%
Oise Beauvais
57%
Ardennes Charleville-Mézières
56%
Deux-Sèvres Niort
56%
Eure-et-Loir Chartres
55%
Dordogne Périgueux
55%
Yonne Auxerre
54%
Cher Bourges
54%
Landes Mont-de-Marsan
53%
Manche Saint-Lô
53%
Charente Angoulême
52%
Cantal Aurillac
52%
Eure Évreux
52%
Seine-et-Marne Melun
52%
Hauts-de-Seine Nanterre
52%
Nièvre Nevers
52%
Aveyron Rodez
52%
Indre Châteauroux
51%
Essonne Évry-Courcouronnes
51%
Corrèze Tulle
51%
Tarn Albi
50%
Loir-et-Cher Blois
50%
Vosges Épinal
50%
Ariège Foix
50%
Hautes-Pyrénées Tarbes
50%
Val-d'Oise Cergy-Pontoise
48%
Saône-et-Loire Mâcon
48%
Mayotte Mamoudzou
48%
Lot-et-Garonne Agen
47%
Orne Alençon
47%
Tarn-et-Garonne Montauban
47%
Val-de-Marne Créteil
46%
Aisne Laon
46%
Ardèche Privas
46%
Gers Auch
44%
Guadeloupe Basse-Terre
44%
Alpes-de-Haute-Provence Digne-les-Bains
44%
Creuse Guéret
44%
Lozère Mende
44%
Allier Moulins
44%
Seine-Saint-Denis Bobigny
43%
Lot Cahors
42%
Marne Châlons-en-Champagne
42%
Haute-Loire Le Puy-en-Velay
41%
Jura Lons-le-Saunier
41%
Meuse Bar-le-Duc
40%
Haute-Saône Vesoul
38%
Haute-Marne Chaumont
34%
Aucun quiz correspondant
Distribution des résultats
% des personnes avec chaque résultat
Percentile par nombre de réponses
Votre historique - résultats
Vous n’avez pas pris ce quiz